Sesiones de Bizarrap - Estadísticas

Estadísticas generales
  • Esta prueba ha sido intentada 3.890 veces
    838 desde el último reinicio
  • La puntuación promedio es 25 de 61
Estadísticas de respuestas
Número de sesión Cantante % Correcto
Sesión 53 Shakira
90%
Sesión 52 Quevedo
84%
Sesión 16 Trueno
80%
Sesión 0 Daddy Yankee
77%
Sesión 13 Nicki Nicole
77%
Sesión 50 Duki
75%
Sesión 23 Paulo Londra
69%
Sesión 51 Villano Antillano
68%
Sesión 49 Residente
63%
Sesión 46 Anuel AA
62%
Sesión 41 Nicky Jam
59%
Sesión 40 Eladio Carrión
56%
Sesión 57 Milo J
56%
Sesión 36 Nathy Peluso
53%
Sesión 39 Snow Tha Product
50%
Sesión 48 Tiago PZK
50%
Sesión 54 Arcángel
49%
Sesión 55 Peso Pluma
49%
Sesión 56 Rauw Alejandro
49%
Sesión 58 Young Miko
48%
Sesión 34 Khea
47%
Sesión 38 L-Gante
45%
Sesión 47 Morad
45%
Sesión 61 Luck Ra
44%
Sesión 32 Cazzu
43%
Sesión 25 Don Patricio
43%
Sesión 45 Ptazeta
42%
Sesión 37 Ysy-A
41%
Sesión 24 Dani Ribba
40%
Sesión 10 Frijo
38%
Sesión 15 Aleman
36%
Sesión 29 C.R.O
36%
Sesión 9 Dillom
36%
Sesión 3 Paco Amoroso
35%
Sesión 1 Bhavi
33%
Sesión 17 Kinder Malo
33%
Sesión 27 Bejo
32%
Sesión 14 Ca7riel
32%
Sesión 59 Natanael Cano
32%
Sesión 43 Chucky73
31%
Sesión 26 Lucho SSJ
31%
Sesión 31 Zaramay
30%
Sesión 30 Homer el Mero Mero
28%
Sesión 44 MHD
28%
Sesión 6 Kodigo
27%
Sesión 60 Lismar
27%
Sesión 12 Mesita
27%
Sesión 35 Asan
25%
Sesión 2 Ecko
25%
Sesión 18 John C
25%
Sesión 20 Louta
24%
Sesión 19 Polimá Westcoast
24%
Sesión 11 Kiddo Toto
23%
Sesión 5 Pekeño 77
23%
Sesión 33 Seven Kayne
23%
Sesión 28 Big Soto
22%
Sesión 22 Lalo Ebratt
22%
Sesión 4 Blunted Vato
20%
Sesión 7 Drefquila
20%
Sesión 21 Neutro Shorty
20%
Sesión 8 Zanto
19%
No se encontraron pruebas coincidentes
Distribución de puntuación
Porcentaje de gente con cada puntuación
Porcentaje por número respondido
Historial de tus puntuaciones
No has intentado esta prueba desde el último reinicio